عرض عادي
عرض مارك
- جرار، مأمون فريز
مدخل إسم شخص
001 - رقم الضبط
- حقل الضبط: 96195
003 - معرف رقم الضبط
- حقل الضبط: OSt
005 - تاريخ ووقت أخر عملية
- حقل الضبط: 20220802131154.0
008 - عناصر بيانات ثابتة الطول
- حقل تحكم ثابت الطول: 220802|| aca||aabn | a|a d
040 ## - مصدر الفهرسة
- هيئة الفهرسة الأصلية: OSt
- وكالة الكتابة: OSt
100 ## - مدخل -- أسم شخص
- إسم شخص: جرار، مأمون فريز
670 ## - بيانات المصدر موجوده
- الاستشهاد بالمصدر: Work cat.: (OSt): جرار، مأمون فريز, شخصيات تحدث عنها القرآن /, 2015
